Influence of the preparation conditions on the coagulation and adsorption properties of Fe-montmorillonite
Elmentve itt :
| Szerzők: | |
|---|---|
| Dokumentumtípus: | Cikk |
| Megjelent: |
Department of Mineralogy, Geochemistry and Petrology, University of Szeged
Szeged
2004
|
| Sorozat: | Acta mineralogica-petrographica
4 Acta mineralogica-petrographica : abstract series 4 |
| Kulcsszavak: | Földtan - előadáskivonat, Kőzettan - előadáskivonat, Ásványtan - előadáskivonat |
| Tárgyszavak: | |
| Online Access: | http://acta.bibl.u-szeged.hu/31616 |
| LEADER | 01072nab a2200241 i 4500 | ||
|---|---|---|---|
| 001 | acta31616 | ||
| 005 | 20260212144126.0 | ||
| 008 | 161017s2004 hu o 000 eng d | ||
| 022 | |a 0324-6523, 1589-4835 | ||
| 040 | |a SZTE Egyetemi Kiadványok Repozitórium |b hun | ||
| 041 | |a eng | ||
| 100 | 1 | |a Malikov A. S. | |
| 245 | 1 | 0 | |a Influence of the preparation conditions on the coagulation and adsorption properties of Fe-montmorillonite |h [elektronikus dokumentum] / |c Malikov A. S. |
| 260 | |a Department of Mineralogy, Geochemistry and Petrology, University of Szeged |b Szeged |c 2004 | ||
| 300 | |a 71 | ||
| 490 | 0 | |a Acta mineralogica-petrographica |v 4 | |
| 490 | 0 | |a Acta mineralogica-petrographica : abstract series |v 4 | |
| 650 | 4 | |a Természettudományok | |
| 650 | 4 | |a Föld- és kapcsolódó környezettudományok | |
| 695 | |a Földtan - előadáskivonat, Kőzettan - előadáskivonat, Ásványtan - előadáskivonat | ||
| 700 | 0 | 1 | |a Ryazantsev A. A. |e aut |
| 700 | 0 | 1 | |a Batoeva A. A. |e aut |
| 856 | 4 | 0 | |u http://acta.bibl.u-szeged.hu/31616/1/mineralogica_as_004_071.pdf |z Dokumentum-elérés |